Statistics for Chill typing #1

Click here to take the quiz!

General Stats

  • This quiz has been taken 48 times
  • The average score is 25 of 26

Answer Stats

Answer% Correct
E
100%
Q
100%
R
100%
T
100%
W
100%
Y
100%
I
97%
O
97%
U
97%
A
94%
B
94%
C
94%
D
94%
F
94%
G
94%
H
94%
J
94%
K
94%
L
94%
M
94%
N
94%
P
94%
S
94%
V
94%
X
94%
Z
94%

Score Distribution

Percentile by Number Answered

Percent of People with Each Score

Your Score History

You have not taken this quiz